000 00953nam a22002297a 4500
005 20240530110606.0
008 161106s2015 ua g db 000 0 ara d
017 _a2014/20404
_bمصر. دار الكتب
020 _a9789770529362
040 _aEG-CaGPL
_cEG-CaGPL
082 _221
_a370.003\
_bم م
100 0 _aمصطفى حسين باهى
245 1 0 _aمعجم المصطلحات التربوية :
_bالتربية العامة - التربية الخاصة /
_cتاليف مصطفى حسين باهى ، منى احمد الازهرى
250 _aط. 1
260 _aالقاهرة :
_bمكتبة الانجلو المصرية ،
_c2015 .
300 _a1104 ص. ؛
_c24 سم .
504 _aيشتمل على ارجاعات ببليوجرافية
650 0 7 _2qrmak
_aالتربية
_vمعاجم
700 0 _aمنى احمد الازهرى
_eمؤلف مشارك
942 _2ddc
_cBK
999 _c62761
_d62761